| 000 | 00601nam a22001937a 4500 | ||
|---|---|---|---|
| 003 | Ost | ||
| 005 | 20260225080742.0 | ||
| 008 | 260225b |||||||| |||| 00| 0 eng d | ||
| 020 | _a9780428414825 | ||
| 040 | _cBT-PhCST | ||
| 050 | _a25617 | ||
| 082 |
_222 _a628.1 _bFOL |
||
| 100 | _aFolwell, Amory Prescott. | ||
| 245 |
_aWater-supply engineering : _bthe designing, construction, and maintenance of water-supply systems, both city and irrigation / |
||
| 260 |
_aNew York : _bJohn Wiley and Sons, _cc2018. |
||
| 300 |
_axv, 484p. : _bill. ; _c24 cm. |
||
| 500 | _aIncludes index | ||
| 942 |
_2ddc _cWRE |
||
| 999 |
_c10137 _d10137 |
||